000 01155nam a22002777a 4500
005 20240530110526.0
008 150608s2012 ua g 000 0 ara d
017 _a20706
_bمصر . دار الكتب المصرية
020 _a9789773582672
040 _aEG-CaGPL
082 0 4 _221
_a302.23\
_bك إ
100 1 _aكولمان ، ستيفن
_qستيفن كولمان
245 1 2 _aالاعلام و الجمهور /
_cتاليف ستيفن كولمان ، كارين روس ؛ ترجمة صباح حسن عبدالقادر ؛ مراجعة عادل يوسف ابوغنيمة
250 _aط1
260 _aالقاهرة :
_bدار الفجر للنشر و التوزيع ،
_c2012 .
300 _a190 ص ؛
_c24 سم
650 0 4 _aالاتصال الجماهيرى
650 0 4 _aالاعلام البديل
650 0 4 _aوسائل الاتصال
650 0 4 _aاجهزة الاعلام
700 1 _aروس ، كارين
_eمؤلف مشارك
700 0 _aصباح حسن عبدالقادر
_eمترجم
700 0 _aعادل يوسف ابوغنيمة
_eمراجع
942 _2ddc
_cBK
999 _c62000
_d62000